Sports Quiz

Random Sports or MLB Quiz

40-Year-Old MLB All-Stars Quiz Stats

 Plays Quiz Updated Jul 15, 2016

Challenge
Share
Tweet
Embed
Score 0/46 Timer 08:00
6 Plays Today
Year All-Star % Correct
2014Derek Jeter
93.8%
2016David Ortiz
89.5%
2012Chipper Jones
85.8%
2007Barry Bonds
81.3%
2001Cal Ripken
80.9%
2013Mariano Rivera
79.4%
2004Randy Johnson
73.3%
2005Roger Clemens
68.3%
2004Roger Clemens
68.3%
2003Roger Clemens
68.3%
1960Ted Williams
66.1%
1959Ted Williams
66.1%
1975Hank Aaron
65%
1974Hank Aaron
65%
1973Willie Mays
63.1%
1972Willie Mays
63.1%
1971Willie Mays
63.1%
1963Stan Musial
60.9%
1962Stan Musial
60.9%
1961Stan Musial
60.9%
2003Edgar Martinez
60.2%
1995Dennis Martinez
59.9%
1985Pete Rose
59.7%
Year All-Star % Correct
1982Pete Rose
59.7%
1981Pete Rose
59.7%
1983Carl Yastrzemski
57.5%
1982Carl Yastrzemski
57.4%
1989Nolan Ryan
55.5%
1996Ozzie Smith
47.9%
2003Jamie Moyer
42%
2004Barry Larkin
41.3%
1991Carlton Fisk
31.4%
2006Kenny Rogers
30.7%
2005Kenny Rogers
30.7%
2009Trevor Hoffman
30.2%
1979Lou Brock
26.7%
1961Warren Spahn
24.9%
1979Gaylord Perry
21.4%
1953Satchel Paige
18%
1947Luke Appling
15.7%
1999Harold Baines
15%
1960Early Wynn
10.7%
1989Rick Reuschel
9.9%
1985Graig Nettles
9%
1953Johnny Mize
8.3%
1958Mickey Vernon
1%

You're not logged in!

Compare scores with friends on all Sporcle quizzes.
Join for Free
OR
Log In

You Might Also Like...

Show Comments

Extras

Top Quizzes Today


Score Distribution

Your Account Isn't Verified!

In order to create a playlist on Sporcle, you need to verify the email address you used during registration. Go to your Sporcle Settings to finish the process.

Report this User

Report this user for behavior that violates our Community Guidelines.

Details: